01397nam a22003135a 450000500170000000800410001702000150005804100180007304300210009108200270011224501610013924600200030024600380032026001160035830000420047450000390051654600460055565000490060165000350065065100530068565100540073865300230079270000320081570000380084770000370088594200270092299900170094995201170096620151129152236.0151129s2005 aj bo gr 000 0 mul d a99528058021 aazeaengarus aa-aj---aa-ai---04a303.625094754bARM22200aErməni terroru =bArmenian terror = Армянский террор /c[edited by] Firudin Sadigov ; [translated by] Salima Velizadeh, Nailya Dadashova. 31aArmenian terror31aАрмянский террор aBaku :bState Commission of the Republic of Azerbaijan on Prisoners of War, Hostages and Missing People,c2005. a166 p. :bmaps, photographs ;c29 cm. aDonation from Shahla - Azarbaijan. aText in Azerbaijani, English and Russian. 0aNagorno-Karabakh Conflict, 1988-1994.2BUEsh 0aAtrocitieszAzerbaijan.2BUEsh 0aAzerbaijanxRelationszArmenia (Republic)2BUEsh 0aArmenia (Republic)xRelationszAzerbaijan.2BUEsh bGGENcNovember20151 aSadigov, Firudin, eeditor.1 aVelizadeh, Salima, etranslator.1 aDadashova, Nailya, etranslator. 2ddck303.625094754 ARM c21090d21062 00102ddc4070aMAINbMAINc1STd2015-11-29eDonationl0o303.625094754 ARMp000031417r2025-07-15 00:00:00yBB